Легенди и предания за Левски (Запис номер 95730)
[ съкратено ]
| 000 -Лидер | |
|---|---|
| Контролно поле с фиксирана дължина | 01168nam a2200349 c 4500 |
| 003 - Код на организацията, давaща контролен номер | |
| Контролно поле | BLK |
| 005 - Дата и час на последна редакция | |
| Контролно поле | 20240726154846.0 |
| 008 - Елементи от данни с фиксирана дължина | |
| fixed length control field | 180409b bul|||||r ||||||| ||bul|| |
| 010 ## - Наследен системен номер | |
| LC control number | KNG00100593000 |
| 020 ## - Международен стандартен номер на книга ISBN | |
| Международен стандартен номер на книга ISBN | 954-579-142-Х |
| 040 ## - Източник на каталожния запис | |
| Идентификатор на билиотеката - собственик на записа | BLK |
| 041 ## - Код за език | |
| Код за езика на текст/звукозапис или на отделно заглавие | Български |
| Код за езика КДБФ | Български |
| 080 ## - УДК | |
| Текстов определител УДК | Българска литература |
| УДК код - определител по УДК | 821.163.2 |
| УДК определител | -93-34 |
| УДК - код + определител | 821.163.2-93-34 |
| 100 ## - Редна дума - Автор | |
| Автор | Стоева, Христина Димитрова |
| Авторска отговорност | първи автор |
| R(LIN) | 365347 |
| Дати, свързани с автора | 1931- |
| 139 ## - Редно поле | |
| Редна дума | Стоева, Христина Димитрова |
| Авторски знак | Сто - С 77 |
| 245 10 - Сведения за заглавието | |
| Заглавие | Легенди и предания за Левски |
| Редно поле (дума) | Христина Стоева. |
| 257 ## - Страна на издаване | |
| Страна на създаване/издаване | България |
| 260 ## - Област на издателските данни | |
| Име на издателя, разпространителя и проч. | Славена |
| Година на издаване | 2001 |
| 300 ## - Физическа характеристика | |
| Страници | 116 с. |
| Размери/Мащаб | 20 см |
| 380 ## - Жанр | |
| Жанр | Худож. лит. |
| 500 ## - Общи забележки | |
| Забележка | В карето авт. Христиана Стоева. |
| 653 ## - Ключова дума – ненормативна | |
| Ключова дума | Васил Левски |
| 653 ## - Ключова дума – ненормативна | |
| Ключова дума | предания |
| 653 ## - Ключова дума – ненормативна | |
| Ключова дума | легенди |
| 852 ## - Местоположение | |
| Форматна сигнатура | Цб 210978 |
| 856 4# - Електронен адрес и достъп | |
| Електронен формат | pdf - файл |
| 856 4# - Електронен адрес и достъп | |
| Електронен формат | pdf - файл |
| 942 ## - АРТИКУЛИ | |
| Вид на библиотечния материал | Книги |
| Скрит в OPAC | Не |
| Koha issues (borrowed), all copies | 8 |
| 944 ## - СЪЗДАВАНЕ И РЕДАКЦИЯ на ЗАПИСА | |
| Създаване/Редакция | Създаване |
| Дата на регистрацията/редакция | 01.01.2001 |
| Статус, дата на статуса | Лиляна Коева |
| Служител, извършил регистрацията/редакцията | 30532 |
| 944 ## - СЪЗДАВАНЕ И РЕДАКЦИЯ на ЗАПИСА | |
| Създаване/Редакция | Редакция |
| Дата на регистрацията/редакция | 17.04.2015 |
| Статус, дата на статуса | ф / |
| Служител, извършил регистрацията/редакцията | Людмила_Стоянова |
| 999 ## - СИСТЕМНИ КОНТРОЛНИ НОМЕРА | |
| Koha biblionumber | 95730 |
| Koha biblioitemnumber | 95730 |
| 999 ## - СИСТЕМНИ КОНТРОЛНИ НОМЕРА | |
| Koha biblioitemnumber | 95730 |
| Код за отписване | Код за изгубен артикул | Код за повреда | Коз за рестрикции | Код за отдаване | Артикулен № | Име на библиотеката - собственик | Име на библиотеката, в която се намира в момента | Статус (Текущо местоположение) | Дата на вписване в системата | Местоположение - отдел | Цена в лева | Инвентарен номер | Систематично азбучна сигнатура | Баркод | Номер на екземпляра | Цена в евро | Служебна бележка | Служебен тип на артикула | Източник на класификационната схема |
|---|---|---|---|---|---|---|---|---|---|---|---|---|---|---|---|---|---|---|---|
| Не е изгубен | Не е повреден | без рестрикции | ползва се в читалня | 153591 | Регионална библиотека "Любен Каравелов" Русе | Регионална библиотека "Любен Каравелов" Русе | Хранилище | 2002-03-11 | Хранилище | 3.00 | 120000668981 | Цб 210978 | 120000668981 | 1 | 1.53 | Дост: Dp Вид: Д N: 44 Дата: 24.10.2001 | Книги | ||
| Не е изгубен | Не е повреден | без рестрикции | заемане за дома | 153592 | Регионална библиотека "Любен Каравелов" Русе | Регионална библиотека "Любен Каравелов" Русе | Детски отдел | 2007-10-11 | Детски отдел | 4.00 | 120000718029 | ДХ 886.7/С 77 | 120000718029 | 2 | 2.05 | Дост: Pk Вид: Ф N: 9218 Дата: 01.10.2007 Дата инв: 05.08.2015 Бележки инв: Д2015 | Книги | ||
| Не е изгубен | Не е повреден | без рестрикции | заемане за дома | 153593 | Регионална библиотека "Любен Каравелов" Русе | Регионална библиотека "Любен Каравелов" Русе | Детски отдел | 2007-10-11 | Детски отдел | 4.00 | 120000718030 | ДХ 886.7/С 77 | 120000718030 | 3 | 2.05 | Дост: Pk Вид: Ф N: 9218 Дата: 01.10.2007 Дата инв: 05.08.2015 Бележки инв: Д2015 | Книги | ||
| Изтеглен | Не е изгубен | Не е повреден | без рестрикции | заемане за дома | 153594 | Регионална библиотека "Любен Каравелов" Русе | Регионална библиотека "Любен Каравелов" Русе | Детски отдел | 2007-10-11 | Детски отдел | 4.00 | 120000718031 | ДХ 886.7/С 77 | 120000718031 | 4 | 2.05 | Дост: Pk Вид: Ф N: 9218 Дата: 01.10.2007 Дата инв: 05.08.2015 Бележки инв: Д2015 | Книги | Universal Decimal Classification |
| Не е изгубен | Не е повреден | без рестрикции | заемане за дома | 153595 | Регионална библиотека "Любен Каравелов" Русе | Регионална библиотека "Любен Каравелов" Русе | Детски отдел | 2007-10-11 | Детски отдел | 4.00 | 120000718032 | ДХ 886.7/С 77 | 120000718032 | 5 | 2.05 | Дост: Pk Вид: Ф N: 9218 Дата: 01.10.2007 Дата инв: 05.08.2015 Бележки инв: Д2015 | Книги | ||
| Не е изгубен | Не е повреден | без рестрикции | заемане за дома | 153596 | Регионална библиотека "Любен Каравелов" Русе | Регионална библиотека "Любен Каравелов" Русе | Детски отдел | 2007-10-11 | Детски отдел | 4.00 | 120000718033 | ДХ 886.7/С 77 | 120000718033 | 6 | 2.05 | Дост: Pk Вид: Ф N: 9218 Дата: 01.10.2007 Дата инв: 05.08.2015 Бележки инв: Д2015 | Книги | ||
| Не е изгубен | Не е повреден | без рестрикции | заемане за дома | 153597 | Регионална библиотека "Любен Каравелов" Русе | Регионална библиотека "Любен Каравелов" Русе | Заемна - подръчен фонд | 2015-01-15 | Заемна - подръчен фонд | 5.00 | 120000784217 | П 886.7-34/С 77 | 120000784217 | 7 | 2.56 | Дост: DA Вид: А N: 1 Дата: 09.01.2015 Дата инв: 12.02.2018 Бележки инв: П2018 | Книги |